Könyvelői szolgáltatások minőség-dimenzióinak vizsgálata az ügyfelek oldaláról

Bibliográfiai részletek
Szerző: Szögi Dóra
További közreműködők: Somogyi Dr. Aliz
Dokumentumtípus: Diplomadolgozat
Kulcsszavak:Szolgáltatásmenedzsment
Könyvelés
Minőség
Online Access:http://dolgozattar.uni-bge.hu/13931

MARC

LEADER 00000nta a2200000 i 4500
001 dolg13931
005 20171218101951.0
008 171218suuuu hu om 000 hun d
040 |a BGE Dolgozattár Repozitórium  |b hun 
041 |a hu 
100 1 |a Szögi Dóra 
245 1 0 |a Könyvelői szolgáltatások minőség-dimenzióinak vizsgálata az ügyfelek oldaláról  |c Szögi Dóra  |h [elektronikus dokumentum] 
695 |a Szolgáltatásmenedzsment 
695 |a Könyvelés 
695 |a Minőség 
700 1 |a Somogyi Dr. Aliz  |e ths 
856 4 0 |u http://dolgozattar.uni-bge.hu/13931/1/Szakdolgozat_Sz%C3%B6gi_D%C3%B3ra-2.pdf  |z Dokumentum-elérés